=LDR 00000nam 2200000 4500 =001 INLIS000000000036047 =005 20130612141843 =008 ***********************************ind** =035 ##$$0010-061300000036047 =041 ##$$a ind =082 ##$$a 028.5 =100 ##$$a Belajar Mengenal Bentuk =245 ##$$a Belajar Mengenal Bentuk =260 ##$$a Periplus $b Jakarta =300 ##$$a 17 hlm, ilus, 12 cm =850 ##$$a NBPNMAT